[Event "XtraCon-Skakligaen"]
[Site "Denmark"]
[Date "2013.11.02"]
[Round "1.1"]
[White "Hector, Jonny"]
[Black "Andersen, Mads"]
[Result "1/2-1/2"]
[WhiteElo "2503"]
[BlackElo "2476"]
[PlyCount "86"]
[EventDate "2013.11.02"]
[EventType "team-tourn"]
[EventRounds "9"]
[WhiteTeam "Nordkalotten"]
[BlackTeam "Skanderborg"]
[WhiteTeamCountry "DEN"]
[BlackTeamCountry "DEN"]

1. e4 e5 2. Nf3 Nc6 3. Bc4 Bc5 4. c3 Nf6 5. d3 a6 6. Bb3 O-O 7. O-O d6 8. d4
Ba7 9. Re1 Bg4 10. Be3 Bxf3 11. gxf3 Nh5 12. Na3 Qf6 13. Nc2 Nf4 14. Kh1 Nh3
15. Bc4 Ne7 16. Bf1 Nf4 17. Be2 Nh3 18. Bf1 Nf4 19. Be2 Neg6 20. Rg1 Qe7 21.
Bc4 Kh8 22. Bd3 c6 23. Rg3 Rad8 24. Qd2 Bb8 25. Rag1 Qf6 26. c4 d5 27. exd5
cxd5 28. cxd5 Rxd5 29. Be4 Rd7 30. d5 Qd6 31. b4 b6 32. Bxf4 exf4 33. Rg5 b5
34. Nd4 Ba7 35. Nf5 Qf6 36. h4 Rg8 37. h5 Ne7 38. Qxf4 h6 39. Rxg7 Rxg7 40.
Rxg7 Nxf5 41. Rg4 Bxf2 42. Qxf5 Qxf5 43. Bxf5 Rxd5 1/2-1/2

[Event "XtraCon-Skakligaen"]
[Site "Denmark"]
[Date "2013.11.02"]
[Round "1.2"]
[White "Palo, Davor"]
[Black "Brynell, Stellan"]
[Result "1/2-1/2"]
[WhiteElo "2553"]
[BlackElo "2492"]
[PlyCount "25"]
[EventDate "2013.11.02"]
[EventType "team-tourn"]
[EventRounds "9"]
[WhiteTeam "Skanderborg"]
[BlackTeam "Nordkalotten"]
[WhiteTeamCountry "DEN"]
[BlackTeamCountry "DEN"]

1. d4 e6 2. c4 Nf6 3. Nc3 Bb4 4. Qc2 O-O 5. a3 Bxc3+ 6. Qxc3 Qe8 7. Nf3 d6 8.
g3 a5 9. Bg2 a4 10. O-O Nc6 11. Be3 Qe7 12. Rad1 e5 13. dxe5 1/2-1/2

[Event "XtraCon-Skakligaen"]
[Site "Denmark"]
[Date "2013.11.02"]
[Round "1.3"]
[White "Kristensen, Kaare Hove"]
[Black "Semcesen, Daniel"]
[Result "1/2-1/2"]
[WhiteElo "2342"]
[BlackElo "2490"]
[PlyCount "133"]
[EventDate "2013.11.02"]
[EventType "team-tourn"]
[EventRounds "9"]
[WhiteTeam "Nordkalotten"]
[BlackTeam "Skanderborg"]
[WhiteTeamCountry "DEN"]
[BlackTeamCountry "DEN"]

1. e4 e5 2. Nf3 Nc6 3. d4 exd4 4. Nxd4 g6 5. Nc3 Bg7 6. Be3 Nf6 7. Nxc6 bxc6 8.
e5 Ng8 9. f4 Ne7 10. Qd2 O-O 11. O-O-O d6 12. exd6 cxd6 13. Bd4 Bxd4 14. Qxd4
d5 15. Bd3 Rb8 16. Rde1 Be6 17. h4 Qb6 18. Qxb6 axb6 19. g4 Rfe8 20. Rhg1 Kf8
21. h5 gxh5 22. gxh5 h6 23. Bh7 Bf5 24. Rxe7 Bxh7 25. Rd7 Re6 26. Kd2 Bf5 27.
b4 b5 28. Rc7 Rbe8 29. Rg2 d4 30. Ne2 Be4 31. Rf2 Rd6 32. Ng3 Bd5 33. Nf5 Rf6
34. Nxd4 Re4 35. c3 Bxa2 36. Nxc6 Rd6+ 37. Nd4 Bc4 38. Rc5 Ra6 39. Rc8+ Ke7 40.
Nc6+ Kd7 41. Nb8+ Kxc8 42. Nxa6 Re8 43. Rg2 Kb7 44. Nc5+ Kc6 45. Nd3 Rd8 46.
Rg3 Rd5 47. Kc2 f6 48. Nc5 Rxh5 49. Rg6 Rh2+ 50. Kc1 Kd5 51. Rxf6 Ba2 52. f5
Kc4 53. Ne4 Kd3 54. Nd6 Kxc3 55. Nxb5+ Kxb4 56. Nd4 Kc3 57. Nb5+ Kc4 58. Nd6+
Kd3 59. Rg6 h5 60. f6 h4 61. f7 Rc2+ 62. Kd1 Rf2 63. Ke1 Rf4 64. Rg4 Rf6 65.
Rxh4 Bxf7 66. Rh3+ Kd4 67. Nxf7 1/2-1/2

[Event "XtraCon-Skakligaen"]
[Site "Denmark"]
[Date "2013.11.02"]
[Round "1.4"]
[White "Pedersen, Nicolai Vesterbaek"]
[Black "Sylvan, Jacob"]
[Result "1-0"]
[WhiteElo "2397"]
[BlackElo "2337"]
[PlyCount "65"]
[EventDate "2013.11.02"]
[EventType "team-tourn"]
[EventRounds "9"]
[WhiteTeam "Skanderborg"]
[BlackTeam "Nordkalotten"]
[WhiteTeamCountry "DEN"]
[BlackTeamCountry "DEN"]

1. d4 d5 2. c4 c6 3. cxd5 cxd5 4. Nc3 Nc6 5. Bf4 Nf6 6. e3 a6 7. Bd3 e6 8. Rc1
Bd7 9. Nf3 Be7 10. Ne5 Rc8 11. O-O O-O 12. Qe2 b5 13. a4 b4 14. Bxa6 bxc3 15.
Bxc8 Qxc8 16. Rxc3 Qb7 17. Nxd7 Qxd7 18. Rfc1 Na5 19. Rc7 Qd8 20. Qa6 Nc4 21.
b3 Ba3 22. Rc2 e5 23. Bxe5 Nxe5 24. dxe5 Ng4 25. e6 Qh4 26. exf7+ Kh8 27. h3
Ne5 28. Rc8 Nxf7 29. Rxf8+ Bxf8 30. Qe6 Ng5 31. Qd6 Kg8 32. Qxd5+ Kh8 33. Rc8
1-0

[Event "XtraCon-Skakligaen"]
[Site "Denmark"]
[Date "2013.11.02"]
[Round "1.5"]
[White "Hove, Esben Kjems"]
[Black "Pedersen, Steffen"]
[Result "1/2-1/2"]
[WhiteElo "2232"]
[BlackElo "2425"]
[PlyCount "37"]
[EventDate "2013.11.02"]
[EventType "team-tourn"]
[EventRounds "9"]
[WhiteTeam "Nordkalotten"]
[BlackTeam "Skanderborg"]
[WhiteTeamCountry "DEN"]
[BlackTeamCountry "DEN"]

1. d4 d5 2. Nf3 Nf6 3. c4 e6 4. Nc3 Be7 5. Bg5 h6 6. Bh4 O-O 7. e3 b6 8. cxd5
Nxd5 9. Bxe7 Qxe7 10. Nxd5 exd5 11. Qb3 Be6 12. Be2 c5 13. Qa3 Rc8 14. O-O Nc6
15. dxc5 bxc5 16. Rfc1 Nb4 17. Qa4 a5 18. a3 Nc6 19. b3 1/2-1/2

[Event "XtraCon-Skakligaen"]
[Site "Denmark"]
[Date "2013.11.02"]
[Round "1.6"]
[White "Boe, Mads"]
[Black "Jakobsen, Peter"]
[Result "1-0"]
[WhiteElo "2364"]
[BlackElo "2238"]
[PlyCount "107"]
[EventDate "2013.11.02"]
[EventType "team-tourn"]
[EventRounds "9"]
[WhiteTeam "Skanderborg"]
[BlackTeam "Nordkalotten"]
[WhiteTeamCountry "DEN"]
[BlackTeamCountry "DEN"]

1. d4 Nf6 2. c3 e6 3. Bg5 c5 4. e3 b6 5. Nf3 Bb7 6. Bd3 Be7 7. O-O O-O 8. Nbd2
cxd4 9. cxd4 Nc6 10. a3 Nd5 11. Bxe7 Qxe7 12. Rc1 Rac8 13. Qe2 d6 14. Bc4 Nb8
15. e4 Nf4 16. Qe3 Ng6 17. Bd3 e5 18. g3 Nd7 19. d5 Rxc1 20. Rxc1 Rc8 21. Nf1
Qd8 22. Ne1 Ne7 23. b4 f5 24. f3 Nf6 25. Qd2 Qd7 26. Rxc8+ Bxc8 27. Qc2 fxe4
28. fxe4 h6 29. Ne3 Qd8 30. Be2 Bd7 31. Nf3 Ng6 32. Bd3 Qc8 33. Nd2 Qxc2 34.
Nxc2 Kf7 35. b5 Ne7 36. Nb4 Nc8 37. a4 g5 38. Nc4 Ne8 39. Nc6 Kf6 40. Kg2 Bg4
41. Ne3 Bd7 42. Be2 Ng7 43. Ng4+ Kf7 44. Nxh6+ Ke8 45. Kf2 Kf8 46. Nb8 Be8 47.
Bg4 Ne7 48. Nc6 Bxc6 49. bxc6 Ne8 50. Be2 Nc7 51. Ng4 Kf7 52. Ne3 Ng8 53. Nf5
Ne8 54. Bh5+ 1-0

[Event "XtraCon-Skakligaen"]
[Site "Denmark"]
[Date "2013.11.02"]
[Round "1.7"]
[White "Pedersen, Daniel V"]
[Black "Andersen, Jackie"]
[Result "1/2-1/2"]
[WhiteElo "2245"]
[BlackElo "2356"]
[PlyCount "65"]
[EventDate "2013.11.02"]
[EventType "team-tourn"]
[EventRounds "9"]
[WhiteTeam "Nordkalotten"]
[BlackTeam "Skanderborg"]
[WhiteTeamCountry "DEN"]
[BlackTeamCountry "DEN"]

1. e4 g6 2. d4 Bg7 3. Nc3 d6 4. Be3 Nd7 5. f4 c6 6. Nf3 b5 7. Bd3 Ngf6 8. e5
Nd5 9. Nxd5 cxd5 10. O-O a6 11. a4 bxa4 12. Rxa4 Nb6 13. Ra2 a5 14. b3 Bd7 15.
c4 dxc4 16. bxc4 O-O 17. Qe2 Qc7 18. Rc1 Rfc8 19. Ra3 Qd8 20. h3 Bc6 21. d5 Be8
22. e6 f5 23. Qa2 Bf6 24. g4 fxg4 25. hxg4 Rab8 26. Rxa5 Ra8 27. Rxa8 Rxa8 28.
Qf2 Na4 29. Bd4 Bxd4 30. Qxd4 Nc5 31. Bc2 Ra3 32. Rf1 Qa5 33. f5 1/2-1/2

[Event "XtraCon-Skakligaen"]
[Site "Denmark"]
[Date "2013.11.02"]
[Round "1.8"]
[White "Seegert, Kristian"]
[Black "Ejsing, Esben"]
[Result "0-1"]
[WhiteElo "2154"]
[BlackElo "2153"]
[PlyCount "128"]
[EventDate "2013.11.02"]
[EventType "team-tourn"]
[EventRounds "9"]
[WhiteTeam "Skanderborg"]
[BlackTeam "Nordkalotten"]
[WhiteTeamCountry "DEN"]
[BlackTeamCountry "DEN"]

1. e4 c5 2. Nf3 e6 3. d4 cxd4 4. Nxd4 Nc6 5. Nc3 Qc7 6. Be3 a6 7. Bd3 Nf6 8.
O-O Ne5 9. h3 Be7 10. f4 Nc4 11. Bxc4 Qxc4 12. e5 Nd5 13. Nxd5 Qxd5 14. Nb3 Qe4
15. Rf3 Qc4 16. a4 O-O 17. a5 f6 18. Nd4 Qc7 19. exf6 Rxf6 20. Qd2 d6 21. Rg3
Rf7 22. Nf3 Bd7 23. Ng5 Rf5 24. Bd4 Bf8 25. Rc3 Qd8 26. Bb6 Qe8 27. Rc7 Bc6 28.
Qd3 Qg6 29. g4 Rf6 30. Qxg6 Rxg6 31. Kf2 e5 32. Nf3 exf4 33. Re1 Rf6 34. Nd4
Rf7 35. Nxc6 Rxc7 36. Bxc7 bxc6 37. Re4 Rc8 38. Bb6 g5 39. Rd4 Kf7 40. b4 d5
41. c3 Bg7 42. Rd3 Ke6 43. Ke2 Be5 44. Rf3 Rh8 45. Kd3 h5 46. gxh5 Rxh5 47. c4
Rh7 48. cxd5+ Kxd5 49. Bc5 Bf6 50. Be3 Be5 51. Bd2 Bd6 52. Bc3 Be5 53. Bd2 Rb7
54. Rf1 Rd7 55. Rf2 Ke6+ 56. Ke2 Kf5 57. Be1 Bd4 58. Rf3 Be3 59. Bc3 Ke4 60.
Be1 Rd3 61. Rf1 Ra3 62. Rh1 Ra2+ 63. Kf1 Kf3 64. h4 g4 0-1

[Event "XtraCon-Skakligaen"]
[Site "Denmark"]
[Date "2013.11.02"]
[Round "1.1"]
[White "Pedersen, Christian Kyndel"]
[Black "Kolbak, Jens"]
[Result "1-0"]
[WhiteElo "2427"]
[BlackElo "2271"]
[PlyCount "73"]
[EventDate "2013.11.02"]
[EventType "team-tourn"]
[EventRounds "9"]
[WhiteTeam "Jetsmark"]
[BlackTeam "Norresundby"]
[WhiteTeamCountry "DEN"]
[BlackTeamCountry "DEN"]

1. e4 e5 2. Nf3 Nc6 3. Bb5 Bc5 4. c3 f5 5. d4 fxe4 6. Bxc6 dxc6 7. Nxe5 Qd5 8.
Qh5+ g6 9. Qe2 Bd6 10. Ng4 Bxg4 11. Qxg4 Nf6 12. Qh4 O-O 13. Be3 Rae8 14. Nd2
b5 15. O-O Nh5 16. g3 Rf7 17. b3 Nf6 18. Rae1 Qf5 19. Bg5 Nd5 20. Nxe4 Be7 21.
f3 Bxg5 22. Nxg5 Rfe7 23. Rxe7 Rxe7 24. Ne4 Rf7 25. Qh6 Qd7 26. Qd2 Kg7 27. Nc5
Qf5 28. Nd3 h5 29. Ne5 Rf6 30. c4 bxc4 31. bxc4 Nb6 32. Re1 Re6 33. Re4 g5 34.
g4 hxg4 35. Rxg4 Kf6 36. h4 gxh4 37. Rf4 1-0

[Event "XtraCon-Skakligaen"]
[Site "Denmark"]
[Date "2013.11.02"]
[Round "1.3"]
[White "Ochsner, Bjorn Moller"]
[Black "Andreasen, Per Naesby"]
[Result "1/2-1/2"]
[WhiteElo "2296"]
[BlackElo "2232"]
[PlyCount "105"]
[EventDate "2013.11.02"]
[EventType "team-tourn"]
[EventRounds "9"]
[WhiteTeam "Jetsmark"]
[BlackTeam "Norresundby"]
[WhiteTeamCountry "DEN"]
[BlackTeamCountry "DEN"]

1. e4 e6 2. d4 d5 3. Nc3 dxe4 4. Nxe4 Nd7 5. Nf3 Ngf6 6. Nxf6+ Nxf6 7. Be3 Be7
8. Be2 O-O 9. O-O b6 10. Ne5 Bb7 11. c4 c5 12. dxc5 Bxc5 13. Bxc5 bxc5 14. Qxd8
Rfxd8 15. Rfd1 Kf8 16. Kf1 Ke7 17. Bf3 Bxf3 18. Nxf3 Rxd1+ 19. Rxd1 Nd7 20. Ke2
f6 21. Nd2 Rb8 22. b3 Rb6 23. Ne4 f5 24. Nc3 a6 25. Rd3 Rd6 26. Re3 Rd4 27. f3
Kd6 28. Na4 e5 29. Nc3 Nf6 30. Ke1 Ke6 31. Ne2 Rh4 32. h3 e4 33. g3 Rh6 34. g4
g5 35. gxf5+ Kxf5 36. fxe4+ Nxe4 37. Rf3+ Ke5 38. Re3 Rh4 39. Kf1 h5 40. Kg2 g4
41. Ng3 gxh3+ 42. Kh2 Rg4 43. Nxe4 Rxe4 44. Rd3 Kf4 45. Rd5 Re5 46. Rd6 Kg4 47.
Rg6+ Kh4 48. Rxa6 Re2+ 49. Kh1 h2 50. Rd6 Rxa2 51. Rd5 Rb2 52. Rxc5 Rxb3 53.
Kxh2 1/2-1/2

[Event "XtraCon-Skakligaen"]
[Site "Denmark"]
[Date "2013.11.02"]
[Round "1.5"]
[White "Wiwe, Andreas"]
[Black "Nielsen, John Bauneborg"]
[Result "1-0"]
[WhiteElo "2287"]
[BlackElo "2128"]
[PlyCount "121"]
[EventDate "2013.11.02"]
[EventType "team-tourn"]
[EventRounds "9"]
[WhiteTeam "Jetsmark"]
[BlackTeam "Norresundby"]
[WhiteTeamCountry "DEN"]
[BlackTeamCountry "DEN"]

1. e4 c5 2. Nf3 e6 3. d4 cxd4 4. Nxd4 a6 5. g3 d6 6. Bg2 Nf6 7. O-O Be7 8. c4
Qc7 9. Qe2 O-O 10. Nc3 Bd7 11. Bd2 Nc6 12. Nc2 Rab8 13. Rac1 Rfe8 14. Rfd1 h6
15. h3 Bf8 16. Qf1 Red8 17. b3 Be8 18. Kh2 Rbc8 19. Be3 Nb8 20. Nd4 Nbd7 21.
Qe2 Nc5 22. f4 Qb8 23. Bf2 Rc7 24. Nf3 Rdc8 25. e5 dxe5 26. Nxe5 Ncd7 27. Nxd7
Nxd7 28. Ne4 b5 29. Nd6 Bxd6 30. Rxd6 bxc4 31. bxc4 Nc5 32. Bd4 f6 33. Bxc5
Rxc5 34. Rxa6 Bf7 35. Ra8 Qc7 36. Rxc8+ Qxc8 37. Qe4 Qc7 38. Rc2 Qd6 39. Qa8+
Kh7 40. Qa3 e5 41. fxe5 Qxe5 42. Qf3 f5 43. Bf1 Bd5 44. Qf4 Qe6 45. Bd3 Be4 46.
Re2 Re5 47. g4 g6 48. gxf5 gxf5 49. Bxe4 fxe4 50. Re3 Qe7 51. a4 Kg7 52. h4 Re6
53. a5 Qc5 54. Rg3+ Rg6 55. Rxg6+ Kxg6 56. Qxe4+ Kg7 57. Qg4+ Kf8 58. Qf4+ Kg7
59. a6 Qe7 60. Qd4+ Kg8 61. Qd5+ 1-0

[Event "XtraCon-Skakligaen"]
[Site "Denmark"]
[Date "2013.11.02"]
[Round "1.6"]
[White "Pedersen, Svend"]
[Black "Christensen, Stefan"]
[Result "1/2-1/2"]
[WhiteElo "2231"]
[BlackElo "2278"]
[PlyCount "63"]
[EventDate "2013.11.02"]
[EventType "team-tourn"]
[EventRounds "9"]
[WhiteTeam "Norresundby"]
[BlackTeam "Jetsmark"]
[WhiteTeamCountry "DEN"]
[BlackTeamCountry "DEN"]

1. e4 e6 2. d3 d5 3. Nd2 c5 4. Ngf3 Nc6 5. g3 Bd6 6. Bg2 Nge7 7. O-O O-O 8. Re1
Qc7 9. c3 d4 10. cxd4 cxd4 11. Nc4 e5 12. Nh4 Be6 13. Nxd6 Qxd6 14. f4 f6 15.
Bd2 Nb4 16. Bxb4 Qxb4 17. Nf3 Qxb2 18. Re2 Qa3 19. fxe5 Bg4 20. exf6 Rxf6 21.
Rf2 Rc8 22. Qf1 Bxf3 23. Rxf3 Rxf3 24. Bxf3 Nc6 25. e5 Nxe5 26. Bd5+ Kh8 27.
Qf5 Rc1+ 28. Rxc1 Qxc1+ 29. Kg2 Qd2+ 30. Kh3 Qh6+ 31. Kg2 Qd2+ 32. Kh3 1/2-1/2

[Event "XtraCon-Skakligaen"]
[Site "Denmark"]
[Date "2013.11.02"]
[Round "1.7"]
[White "Helledie, Anders"]
[Black "Christiansen, Jens Jorgen"]
[Result "1-0"]
[WhiteElo "2237"]
[BlackElo "2129"]
[PlyCount "83"]
[EventDate "2013.11.02"]
[EventType "team-tourn"]
[EventRounds "9"]
[WhiteTeam "Jetsmark"]
[BlackTeam "Norresundby"]
[WhiteTeamCountry "DEN"]
[BlackTeamCountry "DEN"]

1. e4 c6 2. d4 d5 3. e5 Bf5 4. Nf3 e6 5. Be2 c5 6. Be3 Nc6 7. O-O cxd4 8. Nxd4
Nxd4 9. Bxd4 Ne7 10. Bb5+ Nc6 11. c4 Bxb1 12. Rxb1 a6 13. Bxc6+ bxc6 14. cxd5
cxd5 15. Rc1 Be7 16. Rc6 O-O 17. Qa4 Qd7 18. Rfc1 h6 19. g3 Rfe8 20. Qa5 Rec8
21. Qc3 Rxc6 22. Qxc6 Qxc6 23. Rxc6 Kf8 24. Rc7 Ke8 25. Kf1 Kd8 26. Bb6 Ke8 27.
Bd4 Kd8 28. Rb7 h5 29. h4 Ke8 30. Bb6 g5 31. hxg5 Bxg5 32. Bc5 h4 33. gxh4 Bxh4
34. b4 a5 35. b5 a4 36. b6 Ra5 37. Rb8+ Kd7 38. Bd6 Rb5 39. b7 Kc6 40. Rh8 Rb1+
41. Kg2 Rxb7 42. Rxh4 1-0

[Event "XtraCon-Skakligaen"]
[Site "Denmark"]
[Date "2013.11.02"]
[Round "1.2"]
[White "Matthiesen, Martin"]
[Black "Sorensen, Jan"]
[Result "0-1"]
[WhiteElo "2306"]
[BlackElo "2422"]
[PlyCount "62"]
[EventDate "2013.11.02"]
[EventType "team-tourn"]
[EventRounds "9"]
[WhiteTeam "SK1968"]
[BlackTeam "Aarhus/Skolerne"]
[WhiteTeamCountry "DEN"]
[BlackTeamCountry "DEN"]

1. d4 Nf6 2. c4 e6 3. Nc3 Bb4 4. Qc2 c5 5. dxc5 Bxc5 6. Nf3 Qb6 7. e3 Qc7 8. b3
b6 9. Bb2 a6 10. O-O-O Bb7 11. Be2 Nc6 12. a3 Be7 13. Kb1 Na5 14. Rc1 O-O 15.
Rhd1 Rfc8 16. Bd3 h6 17. Ka2 b5 18. cxb5 axb5 19. Bxb5 Nc6 20. Ba4 Qb6 21. Qd3
Ra5 22. Kb1 Rca8 23. Qc2 Rc5 24. Qd3 Ba6 25. Qd2 Na5 26. Qc2 Rc7 27. Nd2 Rb8
28. b4 Bxb4 29. axb4 Qxb4 30. Nf3 Nc4 31. Ka1 Nxb2 0-1

[Event "XtraCon-Skakligaen"]
[Site "Denmark"]
[Date "2013.11.02"]
[Round "1.5"]
[White "Pedersen, Finn"]
[Black "Hansen, Lars"]
[Result "1/2-1/2"]
[WhiteElo "2310"]
[BlackElo "2241"]
[PlyCount "54"]
[EventDate "2013.11.02"]
[EventType "team-tourn"]
[EventRounds "9"]
[WhiteTeam "Aarhus/Skolerne"]
[BlackTeam "SK1968"]
[WhiteTeamCountry "DEN"]
[BlackTeamCountry "DEN"]

1. d4 d5 2. Bf4 Nf6 3. e3 c5 4. c3 Nc6 5. Nd2 Qb6 6. Qb3 c4 7. Qxb6 axb6 8. e4
e6 9. a3 b5 10. exd5 exd5 11. Ngf3 b4 12. cxb4 Bxb4 13. Rd1 Ba5 14. Be2 O-O 15.
O-O Re8 16. Rfe1 Bg4 17. Be3 b5 18. b4 $11 Bb6 19. Nb1 Ne4 20. Kf1 h6 21. Nfd2
Bf5 22. Nxe4 Bxe4 23. Nc3 Rxa3 24. Nxb5 Rb3 25. Nd6 Rd8 26. Bxc4 Rxb4 27. Nxe4
Rxc4 1/2-1/2

[Event "XtraCon-Skakligaen"]
[Site "Denmark"]
[Date "2013.11.02"]
[Round "1.6"]
[White "Rewitz, Poul"]
[Black "Jacobsen, Bo"]
[Result "1-0"]
[WhiteElo "2233"]
[BlackElo "2302"]
[PlyCount "70"]
[EventDate "2013.11.02"]
[EventType "team-tourn"]
[EventRounds "9"]
[WhiteTeam "SK1968"]
[BlackTeam "Aarhus/Skolerne"]
[WhiteTeamCountry "DEN"]
[BlackTeamCountry "DEN"]

1. g3 g6 2. Bg2 Bg7 3. Nf3 Nf6 4. O-O O-O 5. d4 d6 6. Nc3 Nbd7 7. Bf4 c6 8. a4
Re8 9. a5 Qc7 10. Qc1 e5 11. dxe5 dxe5 12. Bh6 Bh8 13. h3 Nc5 14. Qe3 Na6 15.
Ne4 Nxe4 16. Qxe4 Bf5 17. Qc4 Be6 18. Qh4 f6 19. Bd2 Rad8 20. Be3 Rd5 21. Qa4
Rb5 22. b3 Rb4 23. Qa3 c5 24. Ne1 c4 25. Bxa7 e4 26. Bxe4 cxb3 27. Bd3 f5 28.
Rb1 Bc3 29. Rxb3 Bxb3 30. cxb3 f4 31. Bc4+ Rxc4 32. bxc4 Qxc4 33. Nc2 fxg3 34.
fxg3 Nb4 35. Qa4 Re7 1-0

[Event "XtraCon-Skakligaen"]
[Site "Denmark"]
[Date "2013.11.02"]
[Round "1.7"]
[White "Hagen, Kresten Skytte"]
[Black "Hansen, Bjarne"]
[Result "1/2-1/2"]
[WhiteElo "2166"]
[BlackElo "2288"]
[PlyCount "165"]
[EventDate "2013.11.02"]
[EventType "team-tourn"]
[EventRounds "9"]
[WhiteTeam "Aarhus/Skolerne"]
[BlackTeam "SK1968"]
[WhiteTeamCountry "DEN"]
[BlackTeamCountry "DEN"]

1. Nf3 Nf6 2. c4 c6 3. d4 d5 4. cxd5 cxd5 5. Nc3 e6 6. Bf4 Bd6 7. Bxd6 Qxd6 8.
e3 O-O 9. Bd3 Nc6 10. O-O e5 11. dxe5 Nxe5 12. Be2 Rd8 13. Qb3 Bg4 14. Nxe5
Qxe5 15. Rad1 Rac8 16. Rd2 Bxe2 17. Nxe2 Ne4 18. Rd4 Nc5 19. Qa3 a6 20. Rfd1
Ne6 21. R4d2 g6 22. h3 Rd7 23. Qb3 Rcd8 24. Qb4 Qc7 25. Qg4 f5 26. Qh4 Qe5 27.
Qb4 Kg7 28. Nd4 Nxd4 29. Rxd4 Qc7 30. Qb3 Qc6 31. R4d2 Qf6 32. Qb4 Qe5 33. Rd4
Qc7 34. Qd2 Qe5 35. Qc3 Rc7 36. Qb3 Rcd7 37. Qb6 Qd6 38. Qb3 Qe5 39. Qc3 Rc7
40. Qa5 Rcd7 41. a3 Kg8 42. Qb6 Kg7 43. Qb3 Qf6 44. Rb4 b5 45. Rbd4 Qc6 46. Qd3
Qc5 47. Qb3 Kf6 48. Kh1 Kg7 49. Kg1 Kf6 50. Kh2 Kg7 51. Qd3 Rc8 52. Rd2 Qd6+
53. g3 Qe6 54. Qb3 Rc4 55. Qd1 Rxd4 56. Rxd4 Qc6 57. Qb3 Qc1 58. Kg2 Qc6 59.
Qd1 Qe6 60. Qd2 Qc6 61. Qd1 Kf6 62. g4 fxg4 63. hxg4 Ke7 64. Qf3 Qd6 65. Qd1
Qe6 66. Qf3 Qd6 67. Qh3 Kd8 68. Qh4+ Kc8 69. Qg5 Qe6 70. Rf4 Kb7 71. a4 Rf7 72.
Rd4 Rd7 73. axb5 axb5 74. Rf4 Rf7 75. Rd4 Rd7 76. Rb4 Qc6 77. Rd4 Qe6 78. Kg3
Qd6+ 79. Kg2 Qe6 80. Kg3 Qd6+ 81. Kg2 Qe6 82. Rf4 Rf7 83. Rd4 1/2-1/2

[Event "XtraCon-Skakligaen"]
[Site "Denmark"]
[Date "2013.11.02"]
[Round "1.2"]
[White "Sloth, Jorn"]
[Black "Borge, Nikolaj"]
[Result "0-1"]
[WhiteElo "2338"]
[BlackElo "2389"]
[PlyCount "128"]
[EventDate "2013.11.02"]
[EventType "team-tourn"]
[EventRounds "9"]
[WhiteTeam "Nordre"]
[BlackTeam "Hillerod"]
[WhiteTeamCountry "DEN"]
[BlackTeamCountry "DEN"]

1. Nf3 d6 2. d4 Bg4 3. e4 Nf6 4. Nc3 e6 5. h3 Bh5 6. Qe2 c6 7. g4 Bg6 8. h4 h6
9. h5 Bh7 10. g5 hxg5 11. Nxg5 Qa5 12. Bg2 Nbd7 13. d5 Bg8 14. Bd2 O-O-O 15.
dxe6 fxe6 16. Nd5 Qb5 17. Qxb5 cxb5 18. Nf4 e5 19. Nfe6 Re8 20. Nxf8 Nxf8 21.
Bb4 Kc7 22. O-O-O Rd8 23. f4 Ne6 24. fxe5 dxe5 25. Rxd8 Kxd8 26. Nxe6+ Bxe6 27.
Bd6 Nd7 28. Bf3 Rh6 29. Rd1 Ke8 30. b3 Bf7 31. Rd2 Bxh5 32. Bg2 Bg4 33. Kb2 Rh2
34. Kc3 a6 35. Bf1 Rxd2 36. Kxd2 Be6 37. Ke3 Kf7 38. c4 bxc4 39. bxc4 Kf6 40.
c5 Bxa2 41. c6 bxc6 42. Bxa6 Bb3 43. Bc7 Nc5 44. Bd8+ Kf7 45. Bf1 Ne6 46. Bb6
Ke7 47. Ba7 Ng5 48. Bb8 Nf7 49. Ba7 Kd6 50. Be2 g6 51. Bb8+ Kc5 52. Bc7 Be6 53.
Ba6 Kb4 54. Bb7 Kb5 55. Kd3 Bd7 56. Ke3 Bh3 57. Kf3 Be6 58. Ke3 Bd7 59. Kd3 g5
60. Ke3 g4 61. Kf2 Be6 62. Ke3 c5 63. Bb8 Kb6 64. Ba8 c4 0-1

[Event "XtraCon-Skakligaen"]
[Site "Denmark"]
[Date "2013.11.02"]
[Round "1.3"]
[White "Ostergaard, Jens"]
[Black "Baekgaard, Martin"]
[Result "0-1"]
[WhiteElo "2273"]
[BlackElo "2301"]
[PlyCount "100"]
[EventDate "2013.11.02"]
[EventType "team-tourn"]
[EventRounds "9"]
[WhiteTeam "Hillerod"]
[BlackTeam "Nordre"]
[WhiteTeamCountry "DEN"]
[BlackTeamCountry "DEN"]

1. d4 Nf6 2. Nf3 g6 3. c4 Bg7 4. Nc3 d5 5. cxd5 Nxd5 6. e4 Nxc3 7. bxc3 c5 8.
Be3 Qa5 9. Qd2 O-O 10. Rc1 Rd8 11. d5 e6 12. Be2 Nc6 13. O-O exd5 14. exd5 Bg4
15. Rfd1 Rac8 16. Bg5 Rd7 17. Qb2 Bxf3 18. Bxf3 Ne5 19. Be2 c4 20. f4 Nd3 21.
Bxd3 cxd3 22. Rxd3 Rxd5 23. Rxd5 Qxd5 24. Bh4 Bxc3 25. Qa3 Bd4+ 26. Kh1 Rxc1+
27. Qxc1 Qxa2 28. Be1 Qa6 29. h4 Qf1+ 30. Kh2 h5 31. Qd2 Qg1+ 32. Kg3 Kg7 33.
Kf3 Qf1+ 34. Ke4 Bf6 35. g3 Qc4+ 36. Kf3 Qb3+ 37. Kg2 b6 38. Bf2 Qb2 39. Qd7 a5
40. f5 gxf5 41. Qxf5 Qe5 42. Qf3 b5 43. g4 hxg4 44. Qxg4+ Kh7 45. Qd7 Qe4+ 46.
Kg1 Qg6+ 47. Kh1 b4 48. Qd5 Bg7 49. Qxa5 b3 50. h5 Qe4+ 0-1

[Event "XtraCon-Skakligaen"]
[Site "Denmark"]
[Date "2013.11.02"]
[Round "1.4"]
[White "Petersen, Tom Petri"]
[Black "Jaksland, Tim"]
[Result "1/2-1/2"]
[WhiteElo "2323"]
[BlackElo "2260"]
[PlyCount "33"]
[EventDate "2013.11.02"]
[EventType "team-tourn"]
[EventRounds "9"]
[WhiteTeam "Nordre"]
[BlackTeam "Hillerod"]
[WhiteTeamCountry "DEN"]
[BlackTeamCountry "DEN"]

1. Nf3 c5 2. c4 Nc6 3. Nc3 g6 4. g3 Bg7 5. Bg2 e6 6. e3 Nge7 7. d4 cxd4 8. Nxd4
d5 9. cxd5 Nxd4 10. exd4 Nxd5 11. Nxd5 exd5 12. O-O O-O 13. Be3 Be6 14. Qb3 Qd7
15. Rfc1 Rfc8 16. Rc3 Rc6 17. Rac1 1/2-1/2

[Event "XtraCon-Skakligaen"]
[Site "Denmark"]
[Date "2013.11.02"]
[Round "1.6"]
[White "Hoiberg, Nina"]
[Black "Percivaldi, Martin"]
[Result "1/2-1/2"]
[WhiteElo "2212"]
[BlackElo "2191"]
[PlyCount "60"]
[EventDate "2013.11.02"]
[EventType "team-tourn"]
[EventRounds "9"]
[WhiteTeam "Nordre"]
[BlackTeam "Hillerod"]
[WhiteTeamCountry "DEN"]
[BlackTeamCountry "DEN"]

1. e4 e6 2. d4 d5 3. Nc3 Nf6 4. exd5 exd5 5. Bg5 Be7 6. Bd3 c6 7. Nf3 Nbd7 8.
Qd2 O-O 9. O-O Re8 10. Rfe1 Nf8 11. Re3 Ne6 12. Bh4 Qb6 13. Na4 Qc7 14. Rae1
Ng4 15. Bg3 Bd6 16. R3e2 Bd7 17. Nc5 Bxg3 18. hxg3 Nxc5 19. dxc5 f6 20. Qf4
Qxf4 21. gxf4 Nh6 22. Nd4 Rxe2 23. Rxe2 Kf7 24. f3 g6 25. Kf2 Ng8 26. b4 a6 27.
Nb3 Ne7 28. g4 Rh8 29. Kg3 Bc8 30. Nd4 Bd7 1/2-1/2

[Event "XtraCon-Skakligaen"]
[Site "Denmark"]
[Date "2013.11.02"]
[Round "1.7"]
[White "Pedersen, Martin Rosenkilde"]
[Black "Nielsen, Poul Erik"]
[Result "1/2-1/2"]
[WhiteElo "2176"]
[BlackElo "2198"]
[PlyCount "37"]
[EventDate "2013.11.02"]
[EventType "team-tourn"]
[EventRounds "9"]
[WhiteTeam "Hillerod"]
[BlackTeam "Nordre"]
[WhiteTeamCountry "DEN"]
[BlackTeamCountry "DEN"]

1. e4 c5 2. c3 b6 3. d4 Bb7 4. f3 e6 5. Be3 d5 6. e5 h5 7. Bd3 g6 8. Qd2 Ba6 9.
Bxa6 Nxa6 10. Bg5 Qd7 11. Ne2 Ne7 12. O-O Nc6 13. Qd3 Nc7 14. a3 c4 15. Qc2 b5
16. Nd2 a5 17. Kh1 Rb8 18. Nf4 Bh6 19. Nh3 1/2-1/2